000 01048naa a22003137a 4500
001 BR6800250
003 BR-BrBNA
005 20240918173322.0
007 ta
008 230509b bl.||||| |||| 00| 0 por d
040 _aBR-BrBNA
_bpor
_cBiblioteca Nacional de Agricultura
041 _a(Pt)
072 _aF00
_b2320
_bG514
090 _aF00 BR6800250
100 1 _aAlbuquerque, F.C.
245 1 _aPimenta-do-reino [Producao vegetal; Piper nigrum; Brasil]
260 3 _aBrasilia, DF (Brasil):
_c1968.
500 _aLivro anual da agricultura - 1968. Revolucao tecnologica Brasilia, DF (Brasil): 1968. p. 215-223 (BR6800250-AM)F00
650 _aProducao vegetal
650 _aPimenta do reino
650 _aVariedade resistente
650 _aAdubacao
650 _aPraga de planta
650 _aDoenca de planta
650 _aAmazonia
773 0 _tLivro anual da agricultura - 1968. Revolucao tecnologica
_wF00 BR6800250
_gBrasilia, DF (Brasil), 1968. p. 215-223
909 _a202404
_bLucia
_c55
_dLucia Elande
942 _cAM
_2AGRIS
999 _c303955
_d303955